[Event "GER-chT U16"]
[Site "Magdeburg"]
[Date "2023.12.29"]
[Round "6.4"]
[White "Beduschi, Ben"]
[Black "Malchereck, Zion"]
[Result "1-0"]
[WhiteElo "1638"]
[BlackElo "1792"]
[PlyCount "83"]
[EventDate "2023.12.26"]
[EventType "team-swiss"]
[EventRounds "7"]
[EventCountry "GER"]
[SourceTitle "CB03_2024"]
[SourceDate "2024.01.17"]
[SourceVersion "1"]
[SourceVersionDate "2024.01.17"]
[SourceQuality "1"]
[WhiteTeam "Barnim Schachfreunde"]
[BlackTeam "Hamburger SK"]
[WhiteTeamCountry "GER"]
[BlackTeamCountry "GER"]

1. d4 Nf6 2. Nf3 g6 3. Bf4 Bg7 4. e3 0-0 5. Be2 d6 6. h3 Nc6 7. c4 e5 8. dxe5 Ne4 9. 0-0 dxe5 10. Bh2 Qe7 11. a3 Rd8 12. Qc2 Nc5 13. Nc3 Be6 14. b4 Nd7 15. Rad1 Rac8 16. e4 a6 17. Nd5 Qe8 18. Qb1 Ne7 19. Rfe1 c6 20. Nxe7+ Qxe7 21. c5 Kh8 22. Nd2 f5 23. Bc4 f4 24. Bxe6 Qxe6 25. Qc2 Bf8 26. Qc3 Nf6 27. Nc4 Nxe4 28. Qxe5+ Qxe5 29. Nxe5 Rxd1 30. Rxd1 g5 31. Rd4 Nf6 32. Nf7+ Kg8 33. Nxg5 Nd5 34. Re4 Bh6 35. Bxf4 Nxf4 36. Rxf4 Bxg5 37. Rg4 Kf7 38. Rxg5 a5 39. Rg4 Kf6 40. Rd4 axb4 41. axb4 Rc7 42. f4 1-0

[Event "GER-chT U16"]
[Site "Magdeburg"]
[Date "2023.12.27"]
[Round "2.5"]
[White "Beduschi, Ben"]
[Black "Koltyhin, Heorhii"]
[Result "1-0"]
[WhiteElo "1638"]
[BlackElo "1502"]
[PlyCount "83"]
[EventDate "2023.12.26"]
[EventType "team-swiss"]
[EventRounds "7"]
[EventCountry "GER"]
[SourceTitle "CB03_2024"]
[SourceDate "2024.01.17"]
[SourceVersion "1"]
[SourceVersionDate "2024.01.17"]
[SourceQuality "1"]
[WhiteTeam "Barnim Schachfreunde"]
[BlackTeam "Dresden Gruen Weiss"]
[WhiteTeamCountry "GER"]
[BlackTeamCountry "GER"]

1. d4 f5 2. Nf3 Nf6 3. Bf4 e6 4. e3 c6 5. Bd3 d5 6. 0-0 Bd6 7. Ne5 Nbd7 8. Nxc6 Qc7 9. Bxd6 Qxd6 10. Na5 0-0 11. f4 Qc7 12. Nb3 a5 13. a4 Nb6 14. Qe2 Nc4 15. Bxc4 dxc4 16. N3d2 b6 17. Qxc4 Qe7 18. Qe2 Nd5 19. c3 Bb7 20. Nf3 Ba6 21. c4 Bxc4 22. Qxc4 Nxe3 23. Qe2 Nxf1 24. Kxf1 Rac8 25. Nc3 Rfe8 26. Qb5 Qc7 27. g3 Qb7 28. Kf2 Rb8 29. Re1 Qf7 30. Ng5 Qf6 31. Qe5 Qh6 32. Kg2 Qf6 33. Nxe6 Kf7 34. d5 Rbc8 35. Re2 h6 36. Nb5 Qxe5 37. fxe5 Rxe6 38. dxe6+ Kxe6 39. Nd4+ Kd5 40. Nxf5 Ke6 41. Nxg7+ Kf7 42. Nh5 1-0